Hugo / (Registro nro. 12121)

Detalles MARC
000 -LIDER
fixed length control field 00725nam a22002657a 4500
001 - NÚMERO DE CONTROL
Identificador de número de control 0011831
003 - IDENTIFICACDOR DE NÚMERO DE CONTROL
control field DO-SdBNP
005 - DATE AND TIME OF LATEST TRANSACTION
control field 20180209104321.0
007 - CAMPOS FIJOS DE DESCRIPCIÓN FÍSICA
fixed length control field 0011831
008 - ELEMENTOS DE LONGITUD FIJA
fixed length control field 161128b 1993 sp||||| |||| 00| 0 spa d
020 ## - ISBN
International Standard Book Number 9788434818491
040 ## - FUENTE DE CATALOGACIÓN
Agencia que crea de manera original el registro BPMSU
Idioma de catalogación spa
Agencia que realiza la transcripción BPMSU
100 1# - ASIENTO PRINCIPAL -- NOMBRE PERSONAL
Nombre personal Gripe, María
245 10 - MENCIÓN DE TITULO
Título Hugo /
Mención de responsabilidad María Gripe ; ilustraciones Harald Gripe
250 ## - MENCIÓN DE EDICION
Mención de edición 9a ed.
260 ## - PUBLICACIÓN, DISTRIBUCIÓN, ETC. (PIE DE IMPRENTA)
Lugar de publicación, distribución, etc Madrid :
Nombre del editor, distribuidor, etc. S. M.,
Fecha de publicación, distribución, etc 1993.
300 ## - DESCRIPCIÓN FÍSICA
Extensión 136 p. :
Otros detalles físicos il.,
Dimensiones 19 cm.
490 1# - MENCIÓN DE SERIES
Mención de serie El barco de vapor ;
Volume/sequential designation 38
700 1# - ASIENTO SECUNDARIO -- NOMBRE PERSONAL
Nombre personal Gripe, Harald,
Mención de responsabilidad il.
830 #0 - ASIENTO SECUNDARIO DE SERIE--TÍTULO UNIFORME
Título uniforme El barco de vapor ;
Volume number/sequential designation 38
910 ## - VALIDACIÓN
Validación Inventariado, 2018/MFF
942 ## - ADDED ENTRY ELEMENTS (KOHA)
Source of classification or shelving scheme Dewey Decimal Classification
Koha item type Libros
945 ## - INFORMACIÓN DE PROCESAMIENTO LOCAL
Información de procesamiento local Inventariado, 2018/MFF
956 ## - LOCAL ELECTRONIC LOCATION AND ACCESS (OCLC)
Nombre de host BTAVÁREZ
Número de acceso 10
Información de compresión 20161128
Trayectoria 0011831
Existencias
Withdrawn status Lost status Source of classification or shelving scheme Damaged status Not for loan Collection code Home library Current library Date acquired Source of acquisition Total Checkouts Barcode Date last seen Price effective from Koha item type
    Dewey Decimal Classification     Colección Infantil General Biblioteca Pública Metropolitana Salomé Ureña Biblioteca Pública Metropolitana Salomé Ureña 11/28/2016 Cuesta centro del libro   BPMSU16111578 11/28/2016 11/28/2016 Libros